La iniciativa de defensa estratégica (SDI): un análisis militar y político
Sábháilte in:
| Príomhchruthaitheoir: | |
|---|---|
| Formáid: | Téacs |
| Foilsithe / Cruthaithe: |
s.l.:
s.e.
|
| Clibeanna: |
Cuir clib leis
Níl clibeanna ann, Bí ar an gcéad duine le clib a chur leis an taifead seo!
|
MARC
| LEADER | 00000 a a2200000 04500 | ||
|---|---|---|---|
| 001 | 25077 | ||
| 003 | |||
| 040 | |||
| 090 | |a 179700 | ||
| 100 | |a Zaldívar, Carlos Alonso | ||
| 245 | |a La iniciativa de defensa estratégica (SDI): un análisis militar y político | ||
| 260 | |a s.l.: |b s.e. | ||
| 300 | |a 98 p. | ||
| 999 | |c 11226 |d 11226 | ||
